[Event "SRB-ch U18 Girls"]
[Site "Kragujevac"]
[Date "2016.05.08"]
[Round "9"]
[White "Soklovacki, Mila"]
[Black "Sarjanovic, Andjela"]
[Result "1/2-1/2"]
[WhiteElo "1851"]
[BlackElo "1694"]
[PlyCount "43"]
[EventDate "2016.05.02"]
[EventType "tourn"]
[EventRounds "9"]
[EventCountry "SRB"]
[SourceTitle "CBM 172 Extra"]
[Source "ChessBase"]
[SourceDate "2016.06.21"]
[SourceVersion "1"]
[SourceVersionDate "2016.06.21"]
[SourceQuality "1"]

1. e4 d5 2. exd5 Qxd5 3. Nc3 Qd6 4. d4 a6 5. Nf3 Nf6 6. Be2 Bf5 7. Bd3 Bxd3 8. Qxd3 Nc6 9. Be3 e6 10. 0-0 Be7 11. Ne4 Nxe4 12. Qxe4 0-0 13. c3 Bf6 14. Bf4 Qd7 15. Ne5 Bxe5 16. Bxe5 Nxe5 17. Qxe5 Rfd8 18. Rfe1 Qd6 19. Qxd6 Rxd6 20. Re2 Rad8 21. Rae1 Rd5 22. f3 1/2-1/2

[Event "SRB-ch U18 Girls"]
[Site "Kragujevac"]
[Date "2016.05.07"]
[Round "8"]
[White "Sarjanovic, Andjela"]
[Black "Stankovic, Zvezdana"]
[Result "1/2-1/2"]
[WhiteElo "1694"]
[BlackElo "1592"]
[PlyCount "36"]
[EventDate "2016.05.02"]
[EventType "tourn"]
[EventRounds "9"]
[EventCountry "SRB"]
[SourceTitle "CBM 172 Extra"]
[Source "ChessBase"]
[SourceDate "2016.06.21"]
[SourceVersion "1"]
[SourceVersionDate "2016.06.21"]
[SourceQuality "1"]

1. e4 e5 2. Nc3 Nf6 3. Bc4 Nc6 4. d3 Na5 5. Bb3 Nxb3 6. axb3 d6 7. f4 Be7 8. Nf3 exf4 9. Bxf4 Bg4 10. 0-0 0-0 11. Qe1 Qd7 12. Ne2 a6 13. Ng3 Nh5 14. Nxh5 Bxh5 15. Qg3 Qg4 16. Qxg4 Bxg4 17. Bg5 Bxg5 18. Nxg5 Be6 1/2-1/2

[Event "SRB-chT (Women)"]
[Site "Kragujevac"]
[Date "2015.08.25"]
[Round "6.5"]
[White "Sarjanovic, Andjela"]
[Black "Pihajlic, Amalija"]
[Result "1/2-1/2"]
[WhiteElo "1602"]
[BlackElo "1877"]
[PlyCount "54"]
[EventDate "2015.08.20"]
[EventType "team-tourn"]
[EventRounds "11"]
[EventCountry "SRB"]
[SourceTitle "EXT 2016"]
[Source "ChessBase"]
[SourceDate "2015.10.08"]
[SourceVersion "1"]
[SourceVersionDate "2015.10.08"]
[SourceQuality "1"]
[WhiteTeam "Lestane (W)"]
[BlackTeam "Belgrade Radnicki (W)"]
[WhiteTeamCountry "SRB"]
[BlackTeamCountry "SRB"]

1. e4 e6 2. d4 d5 3. exd5 exd5 4. Bd3 Bd6 5. c3 c6 6. Qf3 Qf6 7. Nd2 Nd7 8. Qxf6 Ndxf6 9. Ne2 Ne7 10. Nf3 Bf5 11. Bxf5 Nxf5 12. Bf4 Bxf4 13. Nxf4 0-0 14. Ne5 Rfe8 15. 0-0 Ne4 16. f3 Ned6 17. Rae1 Rad8 18. g4 Nh4 19. Kf2 f6 20. Ned3 Kf7 21. Ng2 Nxg2 22. Kxg2 Rxe1 23. Rxe1 Re8 24. Rxe8 Nxe8 25. h4 Nd6 26. Kg3 g6 27. Kf4 Ke7 1/2-1/2

[Event "SRB-chT (Women)"]
[Site "Kragujevac"]
[Date "2015.08.24"]
[Round "5.1"]
[White "Sarjanovic, Andjela"]
[Black "Djukic, Sandra"]
[Result "0-1"]
[WhiteElo "1602"]
[BlackElo "2168"]
[PlyCount "76"]
[EventDate "2015.08.20"]
[EventType "team-tourn"]
[EventRounds "11"]
[EventCountry "SRB"]
[SourceTitle "EXT 2016"]
[Source "ChessBase"]
[SourceDate "2015.10.08"]
[SourceVersion "1"]
[SourceVersionDate "2015.10.08"]
[SourceQuality "1"]
[WhiteTeam "Lestane (W)"]
[BlackTeam "Rudovci Radnicki (W)"]
[WhiteTeamCountry "SRB"]
[BlackTeamCountry "SRB"]

1. e4 c5 2. c3 d5 3. exd5 Qxd5 4. d4 e6 5. Nf3 Nc6 6. Be2 Nf6 7. 0-0 cxd4 8. cxd4 Be7 9. Nc3 Qd8 10. h3 0-0 11. Be3 Nb4 12. Rc1 Nbd5 13. Ne5 Bd7 14. a3 Nxc3 15. Rxc3 Nd5 16. Rc1 Bd6 17. Qd3 Ba4 18. Bd1 Bxd1 19. Rfxd1 Qe7 20. Rc2 Rad8 21. Nc4 Bb8 22. Rcd2 h6 23. Qb3 Nf6 24. Rd3 Rd5 25. Bd2 Rfd8 26. Bb4 Qc7 27. Ne5 Qb6 28. Nc4 Qc7 29. Ne5 Re8 30. Rc3 Qd8 31. Rcd3 Nd7 32. Ng4 Nf6 33. Ne3 Qc7 34. g3 Rh5 35. Rc3 Qd7 36. Kg2 Nd5 37. Rcd3 Rg5 38. Bd2 Nf4+ 0-1

[Event "SRB-chT (Women)"]
[Site "Kragujevac"]
[Date "2015.08.22"]
[Round "3.2"]
[White "Milutinovic, Stefana"]
[Black "Sarjanovic, Andjela"]
[Result "1-0"]
[WhiteElo "2124"]
[BlackElo "1602"]
[PlyCount "89"]
[EventDate "2015.08.20"]
[EventType "team-tourn"]
[EventRounds "11"]
[EventCountry "SRB"]
[SourceTitle "EXT 2016"]
[Source "ChessBase"]
[SourceDate "2015.10.08"]
[SourceVersion "1"]
[SourceVersionDate "2015.10.08"]
[SourceQuality "1"]
[WhiteTeam "Belgrade Rad (W)"]
[BlackTeam "Lestane (W)"]
[WhiteTeamCountry "SRB"]
[BlackTeamCountry "SRB"]

1. Nf3 Nf6 2. c4 g6 3. Nc3 d5 4. Qa4+ Nc6 5. Nd4 Qd7 6. cxd5 Nxd5 7. Nxd5 Qxd5 8. Nxc6 Qxc6 9. Qxc6+ bxc6 10. g3 Bb7 11. Bg2 Bg7 12. d3 0-0-0 13. 0-0 Rd6 14. Rb1 c5 15. Bxb7+ Kxb7 16. Be3 Bd4 17. b4 cxb4 18. Rxb4+ Bb6 19. Rc1 e5 20. a4 Kc8 21. Rbc4 Rd7 22. Bd2 a5 23. Rb1 Rd4 24. Rxd4 exd4 25. Rb5 Kd7 26. Bxa5 Bxa5 27. Rxa5 Kd6 28. Ra6+ Kc5 29. Rf6 Rf8 30. a5 c6 31. Kg2 Kb5 32. a6 Kxa6 33. Rxc6+ Kb5 34. Rc4 Rd8 35. Rc7 Rf8 36. Kf3 Kb6 37. Rd7 Kc5 38. Kf4 h6 39. h4 Re8 40. e3 dxe3 41. fxe3 g5+ 42. hxg5 hxg5+ 43. Kf3 Rf8 44. e4 f6 45. g4 1-0

[Event "SRB-ch U16 Girls"]
[Site "Vrbas"]
[Date "2015.04.10"]
[Round "2"]
[White "Injac, Teodora"]
[Black "Sarjanovic, Andjela"]
[Result "1-0"]
[WhiteElo "2101"]
[BlackElo "1662"]
[PlyCount "113"]
[EventDate "2015.04.09"]
[EventType "swiss"]
[EventRounds "7"]
[EventCountry "SRB"]
[SourceTitle "EXT 2016"]
[Source "ChessBase"]
[SourceDate "2015.10.08"]
[SourceVersion "1"]
[SourceVersionDate "2015.10.08"]
[SourceQuality "1"]

1. Nf3 Nf6 2. c4 g6 3. Nc3 Bg7 4. e4 c6 5. d4 0-0 6. e5 Ne8 7. Be2 d6 8. Bf4 dxe5 9. Bxe5 Nf6 10. 0-0 Nbd7 11. Bf4 Nb6 12. Qb3 Nh5 13. Bg5 h6 14. Be3 Be6 15. Rfd1 Qc7 16. d5 Bd7 17. a4 Nf6 18. h3 Rfe8 19. Bd4 cxd5 20. cxd5 Nc8 21. Rac1 Qd8 22. Qxb7 Nd6 23. Qb3 Rb8 24. Qa3 Qa5 25. Ne5 Qb4 26. Bxa7 Qxb2 27. Qxb2 Rxb2 28. Nd3 Rb7 29. Bd4 Ra8 30. Nc5 Rb4 31. Bxf6 Bxa4 32. N5xa4 Bxf6 33. Rb1 Raxa4 34. Nxa4 Rxa4 35. Bb5 Ra2 36. Bd3 Ra5 37. Bf1 Ra2 38. Re1 Rd2 39. Rbd1 Rb2 40. Re2 Rb4 41. Ra2 Kg7 42. g3 Ne4 43. Rc2 Nd6 44. Kg2 Ra4 45. Rd3 Ra5 46. Be2 Be5 47. f4 Bf6 48. g4 Ra4 49. Kg3 Ne4+ 50. Kf3 Nd6 51. Rb3 Ra5 52. Rc6 Rxd5 53. Rcb6 Ra5 54. Ra6 Rxa6 55. Bxa6 Bd4 56. Ke2 Kf6 57. Kd3 1-0

[Event "SRB-ch U20 Girls"]
[Site "Belgrade"]
[Date "2014.08.24"]
[Round "9"]
[White "Sarjanovic, Andjela"]
[Black "Gajcin, Marina"]
[Result "0-1"]
[WhiteElo "1654"]
[BlackElo "1947"]
[PlyCount "86"]
[EventDate "2014.08.17"]
[EventType "tourn"]
[EventRounds "9"]
[EventCountry "SRB"]
[SourceTitle "CBM 162 Extra"]
[Source "ChessBase"]
[SourceDate "2014.10.17"]
[SourceVersion "1"]
[SourceVersionDate "2014.10.17"]
[SourceQuality "1"]

1. c4 Nf6 2. Nc3 g6 3. e4 c5 4. d4 cxd4 5. Qxd4 Nc6 6. Qd1 Bg7 7. Nf3 0-0 8. Bd3 d6 9. 0-0 Be6 10. Nd5 Rc8 11. Bd2 Nd7 12. Bc3 Nce5 13. Nxe5 Nxe5 14. Qe2 Nxd3 15. Qxd3 Bxc3 16. Qxc3 Bxd5 17. exd5 e5 18. Qd3 f5 19. Rac1 Rf7 20. Rc3 g5 21. b4 b6 22. a4 Qd7 23. Ra1 f4 24. a5 g4 25. axb6 axb6 26. Rca3 Qc7 27. Ra8 Kg7 28. Rxc8 Qxc8 29. Qe4 Rc7 30. Rc1 Kf6 31. Kf1 Qa6 32. Ke1 Qa3 33. Qb1 Rc8 34. Kd2 b5 35. cxb5 Rxc1 36. Qxc1 Qxb4+ 37. Qc3 Qxb5 38. Qc6 Qxc6 39. dxc6 Ke7 40. Kc3 d5 41. Kb4 Kd6 42. Kb5 Kc7 43. Kc5 d4 0-1

[Event "SRB-ch U20 Girls"]
[Site "Belgrade"]
[Date "2014.08.22"]
[Round "7"]
[White "Gajcin, Jasmina"]
[Black "Sarjanovic, Andjela"]
[Result "1-0"]
[WhiteElo "1825"]
[BlackElo "1654"]
[PlyCount "50"]
[EventDate "2014.08.17"]
[EventType "tourn"]
[EventRounds "9"]
[EventCountry "SRB"]
[SourceTitle "CBM 162 Extra"]
[Source "ChessBase"]
[SourceDate "2014.10.17"]
[SourceVersion "1"]
[SourceVersionDate "2014.10.17"]
[SourceQuality "1"]

1. e4 c5 2. Nf3 Nc6 3. Bb5 d6 4. Bxc6+ bxc6 5. 0-0 e5 6. c3 Bg4 7. d3 Nf6 8. Nbd2 Be7 9. Re1 h6 10. Nf1 0-0 11. h3 Bh5 12. Ng3 Bg6 13. d4 cxd4 14. cxd4 Nd7 15. Qa4 Qc7 16. Be3 Nb6 17. Qc2 exd4 18. Nxd4 c5 19. Ndf5 Rfd8 20. Rad1 Rac8 21. Bf4 Rb8 22. Rd2 Nc8 23. Red1 Rb6 24. Qc3 Bf6 25. e5 Be7 1-0

[Event "SRB-ch U20 Girls"]
[Site "Belgrade"]
[Date "2014.08.21"]
[Round "5"]
[White "Petrovic, Tijana"]
[Black "Sarjanovic, Andjela"]
[Result "1-0"]
[WhiteElo "1757"]
[BlackElo "1654"]
[PlyCount "131"]
[EventDate "2014.08.17"]
[EventType "tourn"]
[EventRounds "9"]
[EventCountry "SRB"]
[SourceTitle "CBM 162 Extra"]
[Source "ChessBase"]
[SourceDate "2014.10.17"]
[SourceVersion "1"]
[SourceVersionDate "2014.10.17"]
[SourceQuality "1"]

1. Nf3 Nf6 2. c4 g6 3. Nc3 d5 4. cxd5 Nxd5 5. Qb3 e6 6. d4 Nxc3 7. Qxc3 Nc6 8. a3 Bg7 9. e3 0-0 10. Be2 Ne7 11. e4 b6 12. Be3 Bb7 13. Qc2 Rc8 14. 0-0 Nc6 15. e5 Ne7 16. Qd2 Nf5 17. Bg5 Qd7 18. Rad1 c5 19. dxc5 Qxd2 20. Rxd2 Rxc5 21. g4 Nh6 22. Be7 Nxg4 23. Bxc5 bxc5 24. h3 Nxe5 25. Nxe5 Bxe5 26. Bc4 Bc6 27. b4 cxb4 28. axb4 Rb8 29. Rb1 Rc8 30. b5 Be4 31. Bd3 Bd5 32. Bf1 Rc3 33. Bg2 Bc4 34. Rd7 Bd3 35. Re1 Bf4 36. Bf1 Bxf1 37. Kxf1 Rxh3 38. Rxa7 Rb3 39. Rb7 Bd6 40. Rd1 Bc5 41. Rc1 Bd4 42. Rc8+ Kg7 43. Rcc7 Rf3 44. b6 Rxf2+ 45. Ke1 Rf5 46. Rd7 Bg1 47. Rb8 Rb5 48. b7 h5 49. Rc8 Bh2 50. Re8 g5 51. Rxe6 Re5+ 52. Rxe5 Bxe5 53. Rd8 Kg6 54. b8Q Bxb8 55. Rxb8 Kf5 56. Kf2 h4 57. Rb5+ Kg4 58. Kg2 f5 59. Rc5 f4 60. Rc4 h3+ 61. Kh2 Kh4 62. Rd4 Kg4 63. Rd3 f3 64. Rd4+ Kf5 65. Kxh3 g4+ 66. Kg3 1-0

[Event "SRB-ch U16 Girls"]
[Site "Subotica"]
[Date "2014.04.19"]
[Round "4"]
[White "Lalic, Danka"]
[Black "Sarjanovic, Andjela"]
[Result "1-0"]
[WhiteElo "1748"]
[BlackElo "1655"]
[PlyCount "59"]
[EventDate "2014.04.17"]
[EventType "swiss"]
[EventRounds "9"]
[EventCountry "SRB"]
[SourceTitle "CBM 160 Extra"]
[Source "ChessBase"]
[SourceDate "2014.07.01"]
[SourceVersion "1"]
[SourceVersionDate "2014.07.01"]
[SourceQuality "1"]

1. e4 c5 2. d4 cxd4 3. c3 dxc3 4. Nxc3 Nc6 5. Bc4 e6 6. Nf3 a6 7. 0-0 Nge7 8. Qe2 b5 9. Bb3 Bb7 10. Bf4 Ng6 11. Bg3 Be7 12. Rfd1 Qb6 13. Nd5 exd5 14. exd5 0-0 15. dxc6 dxc6 16. Rd7 c5 17. Bc7 Qc6 18. Rad1 Qe4 19. Qd2 Bc6 20. Bc2 Qg4 21. Rd3 Rac8 22. Bg3 Rfd8 23. Ne5 Nxe5 24. Rxd8+ Rxd8 25. Qxd8+ Bf8 26. h3 Qe6 27. Bxh7+ Kxh7 28. Qxf8 Nc4 29. Qxc5 Qe4 30. Qh5+ 1-0

[Event "EU-ch (Women) 14th"]
[Site "Belgrade"]
[Date "2013.08.03"]
[Round "11"]
[White "Sarjanovic, Andjela"]
[Black "Nestorovic, Katarina"]
[Result "0-1"]
[WhiteElo "1655"]
[BlackElo "1484"]
[PlyCount "106"]
[EventDate "2013.07.23"]
[EventType "swiss"]
[EventRounds "11"]
[EventCountry "SRB"]
[SourceTitle "CBM 155 Extra"]
[Source "ChessBase"]
[SourceDate "2013.08.26"]
[SourceVersion "1"]
[SourceVersionDate "2013.08.26"]
[SourceQuality "1"]

1. e4 c5 2. c3 Nf6 3. e5 Nd5 4. d4 cxd4 5. cxd4 e6 6. Bc4 d6 7. Nf3 Nc6 8. 0-0 Be7 9. Qe2 0-0 10. Nc3 Nxc3 11. bxc3 dxe5 12. dxe5 Qa5 13. Bd2 Rd8 14. Rfd1 Bd7 15. Rab1 Rab8 16. Bd3 a6 17. Qe4 g6 18. Bc4 Qa4 19. Qe2 Na5 20. Bd3 Bc6 21. Nd4 Bd5 22. Rdc1 Bc4 23. Bxc4 Qxc4 24. Be3 Rxd4 25. Qxc4 Rxc4 26. Bb6 Ra4 27. Rd1 Rxa2 28. Rd7 Kf8 29. h3 Ke8 30. Rbd1 Nc4 31. Ba7 Nxe5 32. Rxe7+ Kxe7 33. Bxb8 Nc6 34. Bd6+ Ke8 35. Bc7 Rc2 36. Rd3 b5 37. Kf1 b4 38. cxb4 Nxb4 39. Rb3 Rxc7 40. Rxb4 Kd7 41. Ke2 a5 42. Rb5 Ra7 43. Kf3 a4 44. Rb1 a3 45. Kg4 f6 46. h4 h5+ 47. Kf4 Kc6 48. g4 Kc5 49. g5 f5 50. Ke5 a2 51. Ra1 Ra6 52. Kf6 e5+ 53. Kxe5 Kb4 0-1

[Event "EU-ch (Women) 14th"]
[Site "Belgrade"]
[Date "2013.08.02"]
[Round "10"]
[White "Jankovic, Milanka"]
[Black "Sarjanovic, Andjela"]
[Result "0-1"]
[WhiteElo "1619"]
[BlackElo "1655"]
[PlyCount "70"]
[EventDate "2013.07.23"]
[EventType "swiss"]
[EventRounds "11"]
[EventCountry "SRB"]
[SourceTitle "CBM 155 Extra"]
[Source "ChessBase"]
[SourceDate "2013.08.26"]
[SourceVersion "1"]
[SourceVersionDate "2013.08.26"]
[SourceQuality "1"]

1. d4 d5 2. Nc3 Nf6 3. Bg5 e6 4. Nf3 c5 5. dxc5 Bxc5 6. e3 Nc6 7. a3 Bd7 8. Bb5 0-0 9. 0-0 Be7 10. h3 Rc8 11. Re1 a6 12. Bd3 Na5 13. Ne5 Nc6 14. Nxd7 Nxd7 15. Bxe7 Qxe7 16. f4 Nb6 17. b3 Rc7 18. Qg4 d4 19. Nd1 Qf6 20. e4 e5 21. f5 Nd7 22. Rf1 Rfc8 23. Rf3 Nc5 24. h4 Nxd3 25. Rxd3 Nb8 26. Rc1 Rxc2 27. Rxc2 Rxc2 28. Nf2 Nd7 29. h5 Qh6 30. Nd1 Qf6 31. Rh3 h6 32. Qg3 Qc6 33. Qg4 Nf6 34. Qf3 Qxe4 35. Qxe4 Nxe4 0-1

[Event "EU-ch (Women) 14th"]
[Site "Belgrade"]
[Date "2013.07.26"]
[Round "4"]
[White "Sarjanovic, Andjela"]
[Black "Srebrnic, Ana"]
[Result "0-1"]
[WhiteElo "1655"]
[BlackElo "2203"]
[PlyCount "86"]
[EventDate "2013.07.23"]
[EventType "swiss"]
[EventRounds "11"]
[EventCountry "SRB"]
[SourceTitle "CBM 155 Extra"]
[Source "ChessBase"]
[SourceDate "2013.08.26"]
[SourceVersion "1"]
[SourceVersionDate "2013.08.26"]
[SourceQuality "1"]

1. e4 d6 2. d4 Nf6 3. Nc3 e5 4. dxe5 dxe5 5. Qxd8+ Kxd8 6. Bg5 Be7 7. 0-0-0+ Nbd7 8. g3 c6 9. f4 h6 10. Bxf6 Bxf6 11. Nf3 Ke7 12. Bc4 b5 13. Bb3 g5 14. fxe5 Nxe5 15. Nxe5 Bxe5 16. Rhf1 f6 17. Ne2 Bg4 18. Rd2 Rad8 19. c3 c5 20. Bd5 h5 21. Kc2 h4 22. Rg1 Bf3 23. Rf1 Bxe2 24. Rxe2 hxg3 25. hxg3 Bxg3 26. Rd1 Be5 27. Rg2 Rh4 28. a3 g4 29. Rgg1 Rh2+ 30. Kb1 g3 31. Rde1 a5 32. Ka1 b4 33. axb4 axb4 34. Rc1 Rd6 35. Kb1 Rb6 36. Ka1 Ra6+ 37. Kb1 bxc3 38. bxc3 Ra3 39. Rc2 Bxc3 40. Rxh2 gxh2 41. Rg7+ Kd6 42. Rh7 Ra1+ 43. Kc2 Be5 0-1

[Event "EU-ch (Women) 14th"]
[Site "Belgrade"]
[Date "2013.07.24"]
[Round "2"]
[White "Sarjanovic, Andjela"]
[Black "Kruljac, Petra"]
[Result "1/2-1/2"]
[WhiteElo "1655"]
[BlackElo "2092"]
[PlyCount "143"]
[EventDate "2013.07.23"]
[EventType "swiss"]
[EventRounds "11"]
[EventCountry "SRB"]
[SourceTitle "CBM 155 Extra"]
[Source "ChessBase"]
[SourceDate "2013.08.26"]
[SourceVersion "1"]
[SourceVersionDate "2013.08.26"]
[SourceQuality "1"]

1. e4 e6 2. d4 d5 3. Nc3 Bb4 4. exd5 exd5 5. Bd3 Nf6 6. Nf3 0-0 7. 0-0 Bg4 8. Bg5 c6 9. h3 Bh5 10. Re1 Nbd7 11. a3 Bd6 12. Be2 Re8 13. Nh4 Bxe2 14. Rxe2 Qb6 15. Rb1 Rxe2 16. Nxe2 Re8 17. Nf3 Qc7 18. Nc3 h6 19. Be3 Nf8 20. Qd2 Ng6 21. Re1 Ne4 22. Qd3 b5 23. Nd2 Nf6 24. Nf3 Ne4 25. Nd2 f5 26. Ndxe4 fxe4 27. Qd2 Qf7 28. g3 Qf5 29. Kg2 Qf3+ 30. Kg1 Qh5 31. Kg2 Rf8 32. Qd1 Qf5 33. Qg4 Qxg4 34. hxg4 Rf3 35. g5 hxg5 36. Bxg5 Nf8 37. Nb1 Ne6 38. Be3 Rf8 39. Nd2 Rb8 40. b4 a5 41. c3 Ra8 42. Nb3 axb4 43. axb4 Ra3 44. Rb1 Bc7 45. Kf1 Nf8 46. Bc1 Ra2 47. Ra1 Rc2 48. Bd2 Rb2 49. Ra3 Ne6 50. Ke1 Kf7 51. Kd1 Rb1+ 52. Bc1 e3 53. fxe3 Bxg3 54. Kc2 Rxc1+ 55. Nxc1 g5 56. Ne2 Bd6 57. Ra6 Nd8 58. Kd3 g4 59. e4 dxe4+ 60. Kxe4 Ke6 61. Ra1 Nf7 62. Rg1 Ng5+ 63. Ke3 Kf5 64. d5 Nf3 65. Rf1 Ke5 66. dxc6 Kd5 67. Ng1 Nxg1 68. Rxg1 g3 69. Kd3 Be5 70. Rg2 Bd6 71. Rc2 Kxc6 72. c4 1/2-1/2

[Event "SRB-ch U14 Girls"]
[Site "Vrnjacka Banja"]
[Date "2013.05.05"]
[Round "8"]
[White "Sarjanovic, Andjela"]
[Black "Rudovic, Anja"]
[Result "1/2-1/2"]
[WhiteElo "1639"]
[BlackElo "1585"]
[PlyCount "105"]
[EventDate "2013.04.30"]
[EventType "swiss"]
[EventRounds "9"]
[EventCountry "SRB"]
[SourceTitle "CBM 154 Extra"]
[Source "ChessBase"]
[SourceDate "2013.06.25"]
[SourceVersion "2"]
[SourceVersionDate "2013.06.25"]
[SourceQuality "1"]

1. d4 Nf6 2. Nc3 g6 3. e4 d6 4. Nf3 Bg7 5. Be3 0-0 6. Be2 Nbd7 7. 0-0 b6 8. Bd3 Bb7 9. h3 c5 10. d5 e6 11. Bc4 exd5 12. exd5 Re8 13. Qd2 Ne4 14. Nxe4 Rxe4 15. Bd3 Re8 16. c4 Nf6 17. Rab1 Bc8 18. Rfe1 Bd7 19. Bg5 Qc7 20. Qc2 Rad8 21. Bd2 Qc8 22. Kh2 Rxe1 23. Rxe1 Re8 24. Rxe8+ Qxe8 25. Bc3 Qe7 26. Qe2 Qxe2 27. Bxe2 Bf5 28. Nd2 h5 29. f3 Kf8 30. g4 hxg4 31. fxg4 Bc2 32. Kg3 Bh6 33. Bxf6 Bxd2 34. Kf3 Bb1 35. a3 Ke8 36. h4 Ba2 37. Ke4 Bb1+ 38. Bd3 Bxd3+ 39. Kxd3 Bc1 40. Kc2 Bf4 41. Kd3 a6 42. a4 Bc1 43. Ke4 Kf8 44. b3 Ke8 45. Kd3 Bf4 46. Ke4 Bd2 47. Kd3 Bf4 48. Ke2 Bc1 49. Kf3 Bd2 50. Ke4 Bc1 51. Kf3 Bd2 52. Ke2 Bc1 53. Kd1 1/2-1/2

[Event "SRB-ch U14 Girls"]
[Site "Vrnjacka Banja"]
[Date "2013.05.04"]
[Round "6"]
[White "Sarjanovic, Andjela"]
[Black "Soklovacki, Mila"]
[Result "1/2-1/2"]
[WhiteElo "1639"]
[BlackElo "1554"]
[PlyCount "88"]
[EventDate "2013.04.30"]
[EventType "swiss"]
[EventRounds "9"]
[EventCountry "SRB"]
[SourceTitle "CBM 154 Extra"]
[Source "ChessBase"]
[SourceDate "2013.06.25"]
[SourceVersion "2"]
[SourceVersionDate "2013.06.25"]
[SourceQuality "1"]

1. e4 c5 2. c3 d5 3. exd5 Qxd5 4. d4 cxd4 5. cxd4 Nc6 6. Nf3 Bg4 7. Nc3 Qd8 8. d5 Nb8 9. Bf4 Nf6 10. Bc4 g6 11. Qb3 Qb6 12. Qxb6 axb6 13. Ne5 Bg7 14. 0-0 0-0 15. Rfe1 Rc8 16. Bb3 Bf8 17. h3 Bd7 18. Rac1 h6 19. Ne2 Rxc1 20. Rxc1 Na6 21. Nc3 Nc5 22. Bc4 g5 23. Nxd7 Nfxd7 24. Bg3 Bg7 25. a3 Be5 26. Bxe5 Nxe5 27. Bb5 Ned3 28. Rc2 Nf4 29. Rd2 Rd8 30. Bc4 Na6 31. Rd1 Nc7 32. Bb3 Kg7 33. Kh2 f5 34. g3 Ng6 35. Kg2 Kf6 36. Kf1 Ne5 37. Ke2 Nf7 38. Kf3 Nd6 39. Kg2 Na6 40. Ba2 Nc5 41. Kf3 Rc8 42. Re1 Kf7 43. Rd1 Nd7 44. Kg2 Nc5 1/2-1/2

[Event "SRB-ch U14 Girls"]
[Site "Vrnjacka Banja"]
[Date "2013.05.01"]
[Round "2"]
[White "Stanimirovic, Ivana"]
[Black "Sarjanovic, Andjela"]
[Result "1/2-1/2"]
[WhiteElo "1517"]
[BlackElo "1639"]
[PlyCount "89"]
[EventDate "2013.04.30"]
[EventType "swiss"]
[EventRounds "9"]
[EventCountry "SRB"]
[SourceTitle "CBM 154 Extra"]
[Source "ChessBase"]
[SourceDate "2013.06.25"]
[SourceVersion "2"]
[SourceVersionDate "2013.06.25"]
[SourceQuality "1"]

1. e4 d5 2. exd5 Qxd5 3. Nc3 Qa5 4. b3 c6 5. Bb2 Bf5 6. Nf3 Nf6 7. Be2 e6 8. 0-0 Bg4 9. Ne1 Bxe2 10. Qxe2 Be7 11. Nf3 0-0 12. d3 Nbd7 13. Ne4 Rfd8 14. Rfd1 Nxe4 15. dxe4 Ba3 16. c4 Bxb2 17. Qxb2 Qb6 18. Qe2 a5 19. Rab1 Qc7 20. Rb2 Nc5 21. Rbd2 Kf8 22. Rxd8+ Rxd8 23. Rxd8+ Qxd8 24. Ne1 Qd4 25. e5 Ke8 26. g3 Qe4 27. Qxe4 Nxe4 28. Nd3 Kd8 29. f4 Kc7 30. Kg2 Kb6 31. Kf3 Nc5 32. Nc1 Nd7 33. Ke4 Kc5 34. Nd3+ Kb6 35. Kd4 c5+ 36. Ke4 a4 37. Ne1 Nb8 38. Kd3 Ka5 39. Nc2 Nc6 40. Kc3 axb3 41. axb3 Kb6 42. Kd3 Ka5 43. Kc3 Kb6 44. Kd3 Na5 45. Kc3 1/2-1/2

[Event "SRB Kadetski festival U14 Girls 6th"]
[Site "Vrnjacka Banja"]
[Date "2012.04.11"]
[Round "2"]
[White "Sarjanovic, Andjela"]
[Black "Dejanovic, Ivana"]
[Result "1-0"]
[WhiteElo "1641"]
[BlackElo "1509"]
[PlyCount "59"]
[EventDate "2012.04.10"]
[EventType "swiss"]
[EventRounds "9"]
[EventCountry "SRB"]
[SourceTitle "CBM 148 Extra"]
[Source "ChessBase"]
[SourceDate "2012.06.22"]
[SourceVersion "1"]
[SourceVersionDate "2012.06.22"]
[SourceQuality "1"]

1. d4 g6 2. Nc3 Bg7 3. Nf3 d6 4. e4 Nf6 5. Bd3 0-0 6. Bf4 Nbd7 7. Qd2 c5 8. Bh6 Ng4 9. Bxg7 Kxg7 10. h4 h5 11. d5 Nge5 12. Be2 Nxf3+ 13. gxf3 Nf6 14. f4 Ng4 15. f3 Nh6 16. 0-0-0 Bd7 17. Rdg1 Kh7 18. Bd3 Rg8 19. f5 a6 20. Rg5 f6 21. Rxg6 Rxg6 22. fxg6+ Kxg6 23. Rg1+ Kh7 24. e5+ Bf5 25. Bxf5+ Nxf5 26. Qd3 Qd7 27. e6 Qe8 28. Qxf5+ Kh6 29. Ne4 Qh8 30. Qg6# 1-0

[Event "SRB Kadetski festival U14 Girls 6th"]
[Site "Vrnjacka Banja"]
[Date "2012.04.11"]
[Round "3"]
[White "Stanimirovic, Marija"]
[Black "Sarjanovic, Andjela"]
[Result "1-0"]
[WhiteElo "1910"]
[BlackElo "1641"]
[PlyCount "133"]
[EventDate "2012.04.10"]
[EventType "swiss"]
[EventRounds "9"]
[EventCountry "SRB"]
[SourceTitle "CBM 148 Extra"]
[Source "ChessBase"]
[SourceDate "2012.06.22"]
[SourceVersion "1"]
[SourceVersionDate "2012.06.22"]
[SourceQuality "1"]

1. c4 c6 2. Nc3 d5 3. cxd5 cxd5 4. d4 Bf5 5. Nf3 Nf6 6. g3 e6 7. Bg2 Nc6 8. 0-0 Bd6 9. b3 0-0 10. Bb2 Rc8 11. Rc1 Qa5 12. Nh4 Bg6 13. Nxg6 fxg6 14. Bh3 Rfe8 15. a4 a6 16. f3 Qb6 17. e3 Kf7 18. Rb1 Na5 19. Ba1 Bb4 20. Ne2 Ba3 21. e4 Qc7 22. e5 Nd7 23. Bb2 Bb4 24. Rc1 Qb6 25. Bxe6+ Qxe6 26. Nf4 Rxc1 27. Bxc1 Qc6 28. e6+ Rxe6 29. Nxe6 Qxe6 30. f4 Qb6 31. f5 Nf6 32. fxg6+ Kxg6 33. g4 Qe6 34. Qd3+ Qe4 35. Qxe4+ Nxe4 36. h4 h6 37. h5+ Kh7 38. Rf3 Bc3 39. Rxc3 Nxc3 40. Bd2 Ne2+ 41. Kf2 Nxd4 42. Bxa5 Nxb3 43. Bb6 g6 44. Ke2 gxh5 45. gxh5 Kg7 46. Kd1 Kf6 47. Kc2 Na1+ 48. Kb2 Kg5 49. Kxa1 Kxh5 50. Kb2 d4 51. Kc2 Kg6 52. Kd3 Kf7 53. Kxd4 Ke8 54. a5 Kd7 55. Ke5 Kc8 56. Kf5 Kb8 57. Kg6 Ka8 58. Kxh6 Kb8 59. Kg6 Ka8 60. Bc7 Ka7 61. Kf6 Ka8 62. Ke6 Ka7 63. Kd7 Ka8 64. Kc8 Ka7 65. Bb8+ Ka8 66. Kc7 b6 67. axb6 1-0

[Event "Belgrade-ch (Women)"]
[Site "Belgrade"]
[Date "2012.01.29"]
[Round "8"]
[White "Panic, Anastasija"]
[Black "Sarjanovic, Andjela"]
[Result "1-0"]
[WhiteElo "1928"]
[BlackElo "1630"]
[PlyCount "111"]
[EventDate "2012.01.22"]
[EventType "swiss"]
[EventRounds "9"]
[EventCountry "SRB"]
[SourceTitle "CBM 146 Extra"]
[Source "ChessBase"]
[SourceDate "2012.02.29"]
[SourceVersion "1"]
[SourceVersionDate "2012.02.29"]
[SourceQuality "1"]

1. e4 c6 2. d4 d5 3. e5 Bf5 4. Be3 e6 5. Nd2 Nd7 6. Be2 c5 7. c3 Rc8 8. Ngf3 Qb6 9. Qc1 c4 10. 0-0 Ne7 11. Nh4 Bg6 12. g4 Nc6 13. f4 Be7 14. Nxg6 hxg6 15. Nf3 Qc7 16. Qc2 Nb6 17. f5 gxf5 18. gxf5 exf5 19. Qxf5 Qd7 20. Ng5 Qxf5 21. Rxf5 Bxg5 22. Bxg5 Ne7 23. Rf2 Rc6 24. Raf1 Rg6 25. Rg2 Nc6 26. Bd1 Ne7 27. Bc2 Re6 28. Bxe7 Kxe7 29. Rxg7 Rf8 30. h4 Rh6 31. Rf4 Na8 32. Bf5 Nc7 33. Kg2 Ne6 34. Bxe6 Rxe6 35. Kg3 Ra6 36. a3 Rb6 37. Rf2 Rh6 38. Kg4 Rhh8 39. Rf6 Ke8 40. e6 Ke7 41. Rfg6 Ke8 42. exf7+ Rxf7 43. h5 Rhf8 44. Rxf7 Rxf7 45. Rg8+ Ke7 46. h6 Kf6 47. Rg7 Rf8 48. Rxb7 Kg6 49. h7 a6 50. Kg3 Ra8 51. a4 Kh6 52. Kf4 Rh8 53. Ke5 Rd8 54. Rd7 Rc8 55. Kxd5 Kg6 56. Rc7 1-0